000 00742nam a2200229 i 4500
005 20170616020002.0
008 140303b1999 ck ||||| |||| 00| 0 spa d
040 _aCO-BoIAVH
_cCO-BoIAVH
041 _aspa
044 _ack
082 0 4 _a582.16
_bM72g
100 1 _aMolina P., Luis Fernando
245 1 0 _aGuía de árboles :
_bSantafé de Bogotá /
_cLuis Fernando Molina P.
250 _aSegunda edicióm
260 _aBogotá :
_bDAMA,
_c1999.
300 _a166 páginas
650 1 4 _aArboles
_xIdentificación
_vGuías
_zColombia.
650 2 4 _aArboles ornamentales
_zColombia.
700 1 _aGonzález G., Mauricio,
_eautor.
700 1 _aSánchez J., Gabriel Jaime,
_eautor.
942 _cLIBRO
_2ddc
_02
999 _c1944
_d1944